01012nam a2200265 a 45000010005000000030008000050050017000130080041000300200015000710350018000860400035001040410008001390820022001471000050001692450092002192600052003113000033003635040064003966500033004606500026004936500040005199420012005599990015005719520160005868908BD-RjUL20211208234657.0140119s1972 nyu 001 0 eng d a0471849006 a(BD-RjUL)8953 aBD-RjULbengcBD-RjULdBD-RjUL aeng00a539.754bTAS 19721 aTaylor, John R.q(John Robert),d1939-92768710aScattering theory :bthe quantum theory on nonrelativistic collisions /cJohn R. Taylor aNew York ;aLondon :bJohn Wiley & Sons,cc1972 axvi, 477 p. :bill. ;c24 cm aIncludes bibliographical references (p. 463-466) and index. 0aScattering (Physics).919737 0aQuantum theory927688 0aCollisions (Nuclear physics)925786 2ddccBK c8908d8908 00102ddc40718NFICaRUCLbRUCLcreadingd1974-01-14eEuro-Bangladesh news agency.g134.55l0o539.754 TAS 1972r2014-01-19 00:00:00tC-1w2014-01-19yBK